[Event "Rome Nobile Memorial 4th"]
[Site "Rome"]
[Date "2011.01.25"]
[Round "3"]
[White "Ricci, Stefano"]
[Black "Disi, Alessandro"]
[Result "1-0"]
[WhiteElo "1518"]
[BlackElo "1509"]
[PlyCount "81"]
[EventDate "2011.01.13"]
[EventType "swiss"]
[EventRounds "7"]
[EventCountry "ITA"]
[SourceTitle "EXT 2012"]
[Source "ChessBase"]
[SourceDate "2011.11.24"]
[SourceVersion "1"]
[SourceVersionDate "2011.11.24"]
[SourceQuality "1"]

1. e4 e5 2. Nf3 Nc6 3. Bb5 a6 4. Ba4 Nf6 5. 0-0 b5 6. Bb3 Be7 7. Re1 0-0 8. c3 d5 9. exd5 Nxd5 10. Nxe5 Nxe5 11. Rxe5 c6 12. Bxd5 cxd5 13. Qf3 Be6 14. d4 Bd6 15. Re1 Qh4 16. g3 Qh3 17. Qg2 Rfe8 18. Be3 Qf5 19. Nd2 Rac8 20. Nf3 b4 21. Rac1 a5 22. Nh4 Qd3 23. Rcd1 Qc2 24. Rd2 Qa4 25. b3 Qb5 26. c4 dxc4 27. bxc4 Rxc4 28. d5 Bd7 29. Qf1 Rcc8 30. Kg2 Rc2 31. Qxb5 Bxb5 32. Nf5 Rxd2 33. Nxd6 Rxa2 34. Nxe8 b3 35. Bd4 a4 36. Nd6 Be2 37. Nc4 Rc2 38. d6 Kf8 39. Na3 Rd2 40. Bc3 Rxd6 41. Bb4 1-0